000 004520000a22001810004500
003 LK-CoMWRAF
008 230817t ||||| |||| 00| 0 eng d
040 _aLK-CoMWRAF
_dLK-CoMWRAF
_eLK-CoMWRAF
041 _aeng
082 _a160
_bAJI
100 _aAjijola, Alhaj A.d.
245 _aIntroduction to islamic law
_b
260 _aNew Delhi
_bIIP
_c1989
300 _ap.410
650 _aMuslim law
700 _aAbbasi,, S.M.Madni
_eed.
942 _cBK
999 _c1114
_d1114